Código de Procedimiento Civil: edición oficial, aprobada por decreto Nº 788, de 20 de febrero de 2014, del Ministerio de Justicia
Uloženo v:
| Médium: | Kniha |
|---|---|
| Jazyk: | španělština |
| Vydáno: |
Santiago, Chile:
Jurídica,
2014
|
| Vydání: | Vigésima Edición. |
| Témata: | |
| Tagy: |
Přidat tag
Žádné tagy, Buďte první, kdo vytvoří štítek k tomuto záznamu!
|
MARC
| LEADER | 00000cam a2200000 a 4500 | ||
|---|---|---|---|
| 001 | UCE2519 | ||
| 003 | CL-VaPUC | ||
| 005 | 20250416110212.0 | ||
| 008 | 140710e20140500cl |||||||||||||||||spa|d | ||
| 999 | |c 356109 |d 356107 | ||
| 020 | |a 9789561022875 | ||
| 040 | |c Pontificia Universidad Católica de Valparaíso | ||
| 082 | 0 | 4 | |a 347.83 CHI 2014 |2 21 |
| 110 | 1 | |4 Chile | |
| 245 | 1 | 0 | |a Código de Procedimiento Civil: edición oficial, aprobada por decreto Nº 788, de 20 de febrero de 2014, del Ministerio de Justicia |
| 250 | |a Vigésima Edición. |b Actualizada al 25 de abril de 2014. | ||
| 260 | |a Santiago, Chile: |b Jurídica, |c 2014 | ||
| 300 | |a 491 páginas | ||
| 505 | |a Mensaje del Código de Procedimiento Civil. Mensaje sobre modificaciones a este Código. Decreto N.º 1.107, del Ministerio de Justicia, que aprueba el texto del Código. Ley N.º 1.552. -Libro Primero. Disposiciones Comunes a Todo Procedimiento. -Libro Segundo. Del Juicio Ordinario. -Libro Tercero. De los Juicios Especiales. -Libro Cuarto. De los Actos Judiciales No Contenciosos. Apéndice: -Ley N.º 14.908. D.F.L. N.º 1. Fija el texto refundido, coordinado y sistematizado de la Ley sobre abandono de familia y pago de pensiones alimenticias. -Ley N.º 16.271. Ley de Impuesto a las Herencias, Asignaciones y Donaciones. -Ley N.º 18.120. Establece normas sobre comparecencia en juicio y modifica los artículos 4° del Código de Procedimiento Civil y 523 del Código Orgánico de Tribunales. -Ley N.º 20.066. Establece Ley de Violencia Intrafamiliar. -Ley N.º 19.968, crea los Tribunales de Familia. | ||
| 583 | |a last modification |c 20140710 11:54:00 |k Rodrigo Vera | ||
| 650 | 1 | |a Derecho civil chileno |9 320612 | |
| 650 | 1 | |a Procedimiento civil |z Chile |9 890903 | |
| 650 | 1 | 0 | |a Código civil chileno |9 255931 |
| 650 | 1 | |a Juicio ordinario |9 254867 | |
| 650 | 1 | |a Juicios especiales |9 348378 | |
| 650 | 1 | |a Actos judiciales no contenciosos |9 391844 | |
| 942 | |c BK |2 ddc | ||
| 945 | |d 20140710 11:54:00 |a dcastane | ||
| 952 | |0 0 |1 0 |3 erb |4 0 |6 347_830000000000000_CHI_2014 |7 0 |8 R |9 463240 |a BIBDER |b BIBDER |i 5088216 |o 347.83 CHI 2014 |p 5088216 |r 2023-01-25 |w 2019-11-23 |y BK_R |z Catalogado en:20140710 |k DER | ||
| 952 | |0 0 |1 0 |3 erb |4 0 |6 347_830000000000000_CHI_2014 |7 0 |8 R |9 463241 |a BIBDER |b BIBDER |i 5088224 |o 347.83 CHI 2014 |p 5088224 |r 2023-01-25 |w 2019-11-23 |y BK_R |z Catalogado en:20140710 |k DER | ||
| 952 | |0 0 |1 0 |3 erb |4 0 |6 347_830000000000000_CHI_2014 |7 0 |8 R |9 463242 |a BIBDER |b BIBDER |i 5088232 |o 347.83 CHI 2014 |p 5088232 |r 2023-01-25 |w 2019-11-23 |y BK_R |z Catalogado en:20140710 |k DER | ||